University Home | Library Home | Institutional Repository

Heroin addiction : (Record no. 119200)

MARC details
000 -LEADER
fixed length control field 01325cam0a220037301 4500
001 - CONTROL NUMBER
control field lce00102363
005 - DATE AND TIME OF LATEST TRANSACTION
control field 20190821145654.0
008 - FIXED-LENGTH DATA ELEMENTS--GENERAL INFORMATION
fixed length control field 760223s1976 nyu b 001 0 eng
010 ## - LIBRARY OF CONGRESS CONTROL NUMBER
LC control number 76005794 //r902
020 ## - INTERNATIONAL STANDARD BOOK NUMBER
International Standard Book Number 0471691143
035 ## - SYSTEM CONTROL NUMBER
System control number (Sirsi) r92512
035 ## - SYSTEM CONTROL NUMBER
System control number (DLC) 76005794 //r902
035 ## - SYSTEM CONTROL NUMBER
System control number (UPRA)lce00102363
040 ## - CATALOGING SOURCE
Original cataloging agency DLC
Transcribing agency DLC
Modifying agency DLC
-- OCoLC
-- UPRA
043 ## - GEOGRAPHIC AREA CODE
Geographic area code n-us---
050 00 - LIBRARY OF CONGRESS CALL NUMBER
Classification number HV5822.H4
Item number P55
060 ## - NATIONAL LIBRARY OF MEDICINE CALL NUMBER
Classification number WM288 P719h
082 00 - DEWEY DECIMAL CLASSIFICATION NUMBER
Classification number 362.2/93
100 1# - MAIN ENTRY--PERSONAL NAME
Personal name Platt, Jerome J.
Linkage A51395.1
245 10 - TITLE STATEMENT
Title Heroin addiction :
Remainder of title theory, research, and treatment /
Statement of responsibility, etc. Jerome J. Platt and Christina Labate.
260 ## - PUBLICATION, DISTRIBUTION, ETC.
Place of publication, distribution, etc. New York :
Name of publisher, distributor, etc. Wiley,
Date of publication, distribution, etc. c1976.
440 #0 - SERIES STATEMENT/ADDED ENTRY--TITLE
Title Wiley series on personality processes
Linkage S6183.1
500 ## - GENERAL NOTE
General note "A Wiley-Interscience publication."
500 ## - GENERAL NOTE
General note Includes indexes.
504 ## - BIBLIOGRAPHY, ETC. NOTE
Bibliography, etc. note Bibliography: p. 340-398.
650 #0 - SUBJECT ADDED ENTRY--TOPICAL TERM
Topical term or geographic name entry element Heroin habit.
Linkage S40314.1
650 #0 - SUBJECT ADDED ENTRY--TOPICAL TERM
Topical term or geographic name entry element Heroin habit -- Treatment.
General subdivision Heroin habit -- Treatment.
Linkage S40315.1
650 #0 - SUBJECT ADDED ENTRY--TOPICAL TERM
Topical term or geographic name entry element Narcotic laws -- United States.
Geographic subdivision Narcotic laws -- United States.
Linkage S40316.1
650 #2 - SUBJECT ADDED ENTRY--TOPICAL TERM
Topical term or geographic name entry element Heroin addiction.
Linkage S40317.1
700 1# - ADDED ENTRY--PERSONAL NAME
Personal name Labate, Christina.
Linkage A51396.1
949 ## - LOCAL PROCESSING INFORMATION (OCLC)
a HV5822.H4
w lcc
i -130152
m MAIN
t BOOK
l ON-SHELF
987 ## - LOCAL ROMANIZATION/CONVERSION HISTORY (OCLC)
Romanization/conversion identifier Image : unreadable?
Agency that converted, created or reviewed bottom of card on both sides was dark.

No items available.

© 2026 - The University of Zambia Library - Koha v25.11